Les médias français les plus visités - Statistiques

Statistiques générales
  • Ce quiz a été pris 150 fois
  • Le résultat moyen est 5 sur 20
Statistiques - réponses
Visistes Réponse % Correct
119 508 810 Le Monde
90%
125 838 193 Le Figaro
79%
72 478 935 Le Parisien
60%
128 230 851 BFMTV
43%
155 260 981 Ouest France
42%
83 347 874 L'Équipe
37%
61 530 867 20 Minutes
32%
52 211 850 Sud Ouest
17%
57 377 378 La Dépêche
10%
32 049 034 Voici
10%
33 792 942 Gala
9%
60 177 824 France Bleu
8%
31 323 991 Le Dauphiné
8%
50 718 582 Midi Libre
7%
93 402 403 Télé Loisir
4%
100 713 440 Actu.fr
3%
54 621 082 Femme Actuelle
3%
45 929 346 Footmercato
2%
40 936 067 L'Indépendant
2%
40 936 067 Boursorama
0%
Aucun quiz correspondant
Distribution des résultats
% des personnes avec chaque résultat
Percentile par nombre de réponses
Votre historique - résultats
Vous n’avez pas pris ce quiz